[Event "Quebec-ch"]
[Site "Montreal CAN"]
[Date "2000.??.??"]
[Round "6"]
[White "Strassmann, Swantje"]
[Black "Gravel, Simon M"]
[Result "1/2-1/2"]
[WhiteElo "2127"]
[BlackElo "2262"]
[PlyCount "22"]
[GameId "2160767911741647"]
[EventDate "2000.??.??"]
[EventType "tourn"]
[EventRounds "7"]
[EventCountry "CAN"]
[SourceTitle "EXT 2001"]
[Source "ChessBase"]
[SourceDate "2000.11.22"]
[SourceVersion "1"]
[SourceVersionDate "2000.11.22"]
[SourceQuality "1"]

1. e4 Nf6 2. e5 Nd5 3. d4 d6 4. Nf3 Nb6 5. Be2 Nc6 6. O-O dxe5 7. dxe5 Bf5 8. c3 e6 9. Nbd2 Be7 10. Nb3 O-O 11. Bf4 Qxd1 1/2-1/2

[Event "Quebec-ch"]
[Site "Montreal CAN"]
[Date "2000.??.??"]
[Round "7"]
[White "Leger, Manon"]
[Black "Gottlieb, Jonathan"]
[Result "0-1"]
[WhiteElo "2090"]
[BlackElo "2126"]
[PlyCount "128"]
[GameId "2160767911741648"]
[EventDate "2000.??.??"]
[EventType "tourn"]
[EventRounds "7"]
[EventCountry "CAN"]
[SourceTitle "EXT 2001"]
[Source "ChessBase"]
[SourceDate "2000.11.22"]
[SourceVersion "1"]
[SourceVersionDate "2000.11.22"]
[SourceQuality "1"]

1. e4 c5 2. Nf3 d6 3. d4 cxd4 4. Nxd4 Nf6 5. Nc3 a6 6. g3 b5 7. Bg2 Bb7 8. O-O e6 9. a3 Nbd7 10. f4 Qc7 11. g4 Nc5 12. Qe2 O-O-O 13. g5 Ne8 14. Be3 e5 15. Qg4+ Kb8 16. Nde2 h5 17. Qf3 f6 18. Nd5 Bxd5 19. exd5 e4 20. Qf2 Qe7 21. Nd4 Rc8 22. b4 Na4 23. Nc6+ Rxc6 24. dxc6 d5 25. c4 dxc4 26. Rad1 Nd6 27. Bb6 f5 28. Bc5 Qc7 29. Qd4 Nc8 30. Bxf8 Rxf8 31. Qd7 Nab6 32. Qe6 Qe7 33. Qe5+ Qxe5 34. fxe5 Kc7 35. g6 Ne7 36. Bxe4 Nxc6 37. Bxc6 Kxc6 38. Rd6+ Kc7 39. Re6 c3 40. Re7+ Kc6 41. Rxg7 Re8 42. Re1 Re6 43. Kf2 Nd5 44. Rg8 Ne7 45. Rf8 Nxg6 46. Rc8+ Kd5 47. Rxc3 Nxe5 48. Rd1+ Ke4 49. Re3+ Kf4 50. h3 h4 51. Rde1 Re7 52. Rf3+ Kg5 53. Rg1+ Kf6 54. Re3 Rc7 55. Rge1 Re7 56. Rd1 Re8 57. Rd6+ Kg5 58. Re1 Kf4 59. Red1 Rc8 60. R6d4+ Kg5 61. Rd5 Rc2+ 62. R1d2 Rxd2+ 63. Rxd2 Nc4 64. Rd3 Kf4 0-1

[Event "Quebec-ch 1/8 final"]
[Site "Montreal CAN"]
[Date "2000.06.02"]
[Round "1"]
[White "Cloutier, Mario"]
[Black "Fillion, Steve"]
[Result "1/2-1/2"]
[WhiteElo "1951"]
[BlackElo "2195"]
[PlyCount "38"]
[GameId "2160767911711718"]
[EventDate "2000.06.02"]
[EventType "swiss"]
[EventRounds "5"]
[EventCountry "CAN"]

1. e4 e6 2. d4 d5 3. Nd2 dxe4 4. Nxe4 Nd7 5. Nf3 Ngf6 6. Bg5 Be7 7. Ned2 c5 8. c3 O-O 9. Bd3 cxd4 10. cxd4 Nb6 11. O-O Bd7 12. Ne5 Ba4 13. b3 Bd7 14. Ndf3 Nfd5 15. Bxe7 Qxe7 16. Rc1 Rfd8 17. Bxh7+ Kxh7 18. Nxf7 g6 19. Nxd8 Rxd8 1/2-1/2

[Event "Quebec-ch 1/8 final"]
[Site "Montreal CAN"]
[Date "2000.06.02"]
[Round "1"]
[White "Desjardins, Andre"]
[Black "Masse, Hugues"]
[Result "1-0"]
[WhiteElo "2101"]
[BlackElo "1946"]
[PlyCount "79"]
[GameId "2160767911711719"]
[EventDate "2000.06.02"]
[EventType "swiss"]
[EventRounds "5"]
[EventCountry "CAN"]

1. e4 c5 2. Nf3 d6 3. d4 cxd4 4. Nxd4 Nf6 5. Nc3 g6 6. Be3 Bg7 7. f3 Nc6 8. Qd2 O-O 9. O-O-O d5 10. Qe1 e6 11. h4 Qc7 12. Ndb5 Qb8 13. exd5 Nxd5 14. Nxd5 exd5 15. Bc5 Rd8 16. Rxd5 Be6 17. Rxd8+ Qxd8 18. Bd3 a6 19. Nd6 Qf6 20. Ba3 Bxa2 21. Ne4 Qd4 22. h5 Ne5 23. Qc3 Nxd3+ 24. Qxd3 Qxd3 25. cxd3 Rc8+ 26. Kd2 Bh6+ 27. f4 Bxf4+ 28. Ke2 Be6 29. Kf3 Be5 30. g4 f5 31. gxf5 Bxf5 32. hxg6 Bxg6 33. Kg4 Rd8 34. Rh3 Rd4 35. Bc5 Rd5 36. b4 Bd4 37. Rh2 Bxc5 38. Nf6+ Kf7 39. Nxd5 Ke6 40. Nf4+ 1-0

[Event "Quebec-ch 1/8 final"]
[Site "Montreal CAN"]
[Date "2000.06.02"]
[Round "1"]
[White "Lecomte, Andre"]
[Black "Gagnon, Fabien"]
[Result "0-1"]
[WhiteElo "1918"]
[BlackElo "2135"]
[PlyCount "94"]
[GameId "2160767911711721"]
[EventDate "2000.06.02"]
[EventType "swiss"]
[EventRounds "5"]
[EventCountry "CAN"]

1. e4 c6 2. d4 d5 3. Nc3 g6 4. e5 Bg7 5. f4 Nh6 6. Be3 f6 7. Nf3 O-O 8. Qd2 Bg4 9. Be2 fxe5 10. fxe5 Nf5 11. Bf4 Bxf3 12. Bxf3 e6 13. O-O-O Nd7 14. Be2 c5 15. dxc5 Nxe5 16. g4 Ne7 17. Nb5 b6 18. Nd4 Qc8 19. cxb6 Nc4 20. Bxc4 dxc4 21. Bd6 Re8 22. b7 Qxb7 23. Qb4 Qxb4 24. Bxb4 a5 25. Bxe7 Rxe7 26. Nc6 Ree8 27. Rd7 Ra6 28. Ne7+ Kh8 29. Rf1 Rf8 30. Rxf8+ Bxf8 31. c3 a4 32. a3 e5 33. Nd5 e4 34. g5 Rd6 35. Rxd6 Bxd6 36. h3 Bc5 37. Kd1 Kg7 38. Ke2 h6 39. Ne3 hxg5 40. Nxc4 Kf6 41. Na5 Ke5 42. Nb7 Bb6 43. c4 Bd4 44. Na5 Bxb2 45. c5 Kd5 46. c6 Be5 47. Nb7 Bc7 0-1

[Event "Quebec-ch 1/8 final"]
[Site "Montreal CAN"]
[Date "2000.06.02"]
[Round "1"]
[White "Marcone, Malcom"]
[Black "Pnevmonidis, Pantelis"]
[Result "0-1"]
[WhiteElo "2008"]
[BlackElo "2166"]
[PlyCount "44"]
[GameId "2160767911711722"]
[EventDate "2000.06.02"]
[EventType "swiss"]
[EventRounds "5"]
[EventCountry "CAN"]

1. d4 d5 2. Nf3 c6 3. Bf4 Nf6 4. e3 Bf5 5. Bd3 Bxd3 6. cxd3 e6 7. Nc3 Be7 8. O-O O-O 9. e4 c5 10. dxc5 Bxc5 11. Rc1 Nc6 12. h3 Rc8 13. e5 Nd7 14. a3 Nd4 15. Re1 f6 16. Nxd4 Bxd4 17. Qg4 fxe5 18. Qxe6+ Kh8 19. Bg3 Nc5 20. Qxd5 Nxd3 21. Qxb7 Nxc1 22. Rxc1 Qg5 0-1

[Event "Quebec-ch 1/8 final"]
[Site "Montreal CAN"]
[Date "2000.06.02"]
[Round "1"]
[White "Marineau, Remi"]
[Black "Larochelle, Martial"]
[Result "0-1"]
[WhiteElo "2021"]
[BlackElo "2197"]
[PlyCount "88"]
[GameId "2160767911711723"]
[EventDate "2000.06.02"]
[EventType "swiss"]
[EventRounds "5"]
[EventCountry "CAN"]

1. e4 c5 2. d4 cxd4 3. Nf3 d6 4. Nxd4 Nf6 5. Nc3 a6 6. Bg5 e6 7. f4 Nc6 8. Nxc6 bxc6 9. e5 h6 10. Bh4 g5 11. fxg5 Nd5 12. Nxd5 cxd5 13. Qh5 Qa5+ 14. c3 d4 15. g6 dxc3 16. gxf7+ Kd7 17. b4 Qxb4 18. Bd3 Bg7 19. O-O Qd4+ 20. Kh1 Bb7 21. f8=N+ Raxf8 22. Rf7+ Kc8 23. exd6 Be5 24. d7+ Kb8 25. Rxf8+ Rxf8 26. Qe8+ Rxe8 27. dxe8=Q+ Ka7 28. Qd8 Qf4 29. Bg3 Qd2 30. Rg1 c2 31. Qf8 Bxg2+ 32. Rxg2 c1=Q+ 33. Bf1 Bf4 34. Bf2+ Kb7 35. Rg7+ Bc7 36. Qf3+ Qd5 37. Qxd5+ exd5 38. Kg2 Qc2 39. a3 Kc6 40. Bxa6 Bb6 41. Be2 Qxe2 42. Rg6+ Kc7 43. Rxb6 d4 44. Rxh6 d3 0-1

[Event "Quebec-ch 1/8 final"]
[Site "Montreal CAN"]
[Date "2000.06.02"]
[Round "1"]
[White "Moskvitch, Andrei"]
[Black "Trottier, Yves"]
[Result "1-0"]
[WhiteElo "2161"]
[BlackElo "1964"]
[PlyCount "131"]
[GameId "2160767911711724"]
[EventDate "2000.06.02"]
[EventType "swiss"]
[EventRounds "5"]
[EventCountry "CAN"]

1. e4 e5 2. Nf3 Nf6 3. d4 Nxe4 4. Nxe5 d5 5. Bd3 Be7 6. O-O O-O 7. c4 Nf6 8. Nc3 c6 9. Re1 Nbd7 10. cxd5 Nxd5 11. Nxd5 cxd5 12. Nxd7 Qxd7 13. Qh5 g6 14. Qe5 Bd6 15. Qf6 Qd8 16. Qxd8 Rxd8 17. Bg5 Rf8 18. Bh6 Rd8 19. Bg5 Rf8 20. Be7 Bxe7 21. Rxe7 Be6 22. Rxb7 Rfb8 23. Rb5 Rxb5 24. Bxb5 Rb8 25. a4 Rc8 26. Bd3 Rb8 27. Bb5 Rc8 28. b4 Rc2 29. Kf1 Rd2 30. f3 Rxd4 31. Rb1 Bf5 32. Rb2 Rd1+ 33. Kf2 Bd3 34. Bxd3 Rxd3 35. a5 a6 36. Ke2 Rc3 37. Rd2 Rc4 38. Rxd5 Rxb4 39. Rd6 Rb2+ 40. Kf1 h5 41. Rxa6 Rb1+ 42. Kf2 Rb2+ 43. Kg3 h4+ 44. Kh3 Ra2 45. f4 Rf2 46. g3 hxg3 47. hxg3 Kg7 48. Rc6 Ra2 49. a6 Ra5 50. g4 Ra3+ 51. Kh4 Ra4 52. Kg5 Ra5+ 53. f5 gxf5 54. gxf5 Ra1 55. f6+ Kh7 56. Kf5 Re1 57. Rc7 Rf1+ 58. Ke5 Re1+ 59. Kd5 Kg6 60. Rc6 Rd1+ 61. Kc5 Rc1+ 62. Kb6 Rb1+ 63. Kc7 Rb2 64. a7 Ra2 65. Rb6 Rd2 66. a8=Q 1-0

[Event "Quebec-ch 1/8 final"]
[Site "Montreal CAN"]
[Date "2000.06.02"]
[Round "1"]
[White "Soudre, Nicolas"]
[Black "Wenaas, Eric"]
[Result "0-1"]
[WhiteElo "2106"]
[BlackElo "2265"]
[PlyCount "39"]
[GameId "2160767911711725"]
[EventDate "2000.06.02"]
[EventType "swiss"]
[EventRounds "5"]
[EventCountry "CAN"]

1. e4 e5 2. Nf3 Nc6 3. Nc3 Nf6 4. d4 exd4 5. Nxd4 Bb4 6. Nxc6 bxc6 7. Bd3 d5 8. exd5 cxd5 9. O-O O-O 10. Bg5 c6 11. Qf3 Be7 12. Rfe1 Re8 13. Qg3 Be6 14. Ne2 c5 15. Nf4 c4 16. Bf1 Qb6 17. Bh6 Bf8 18. Qg5 Kh8 19. Nxe6 Rxe6 20. Bxg7+ 0-1

[Event "Quebec-ch 1/8 final"]
[Site "Montreal CAN"]
[Date "2000.06.03"]
[Round "2"]
[White "Gagnon, Boris"]
[Black "Lecomte, Andre"]
[Result "0-1"]
[WhiteElo "2013"]
[BlackElo "1918"]
[PlyCount "30"]
[GameId "2160767911711727"]
[EventDate "2000.06.02"]
[EventType "swiss"]
[EventRounds "5"]
[EventCountry "CAN"]

1. d4 f5 2. c4 Nf6 3. Nc3 e6 4. Nf3 Be7 5. e3 O-O 6. Be2 d5 7. O-O c6 8. Rb1 Ne4 9. Qc2 Nd7 10. b4 Bd6 11. b5 Rf6 12. bxc6 bxc6 13. cxd5 exd5 14. Rb3 Rh6 15. Ba3 Bxh2+ 0-1

[Event "Quebec-ch 1/8 final"]
[Site "Montreal CAN"]
[Date "2000.06.03"]
[Round "2"]
[White "Gagnon, Fabien"]
[Black "Chabot, Roland"]
[Result "1/2-1/2"]
[WhiteElo "2135"]
[BlackElo "2201"]
[PlyCount "111"]
[GameId "2160767911711728"]
[EventDate "2000.06.02"]
[EventType "swiss"]
[EventRounds "5"]
[EventCountry "CAN"]

1. e4 c5 2. Nf3 e6 3. d3 Nc6 4. g3 d5 5. Nbd2 Nf6 6. Bg2 Be7 7. O-O O-O 8. Re1 b5 9. e5 Nd7 10. Nf1 a5 11. h4 b4 12. Bf4 Ba6 13. N1h2 a4 14. Ng5 Qe8 15. Bh3 Bd8 16. Qh5 Bxg5 17. hxg5 f5 18. Qh4 Ne7 19. Bg2 Ng6 20. Qh3 Qe7 21. Nf3 Rac8 22. Kh2 c4 23. d4 c3 24. b3 Ra8 25. Nh4 Bb5 26. Bf3 Ra6 27. Rh1 Nxh4 28. gxh4 axb3 29. axb3 Rfa8 30. Rag1 Ra2 31. Rc1 Nf8 32. h5 Rb2 33. Qg2 Raa2 34. Bd1 Bd3 35. f3 Qa7 36. Qf2 Rxb3 37. Qe3 Bb5 38. Kg3 Rbb2 39. g6 hxg6 40. h6 Nh7 41. hxg7 Qxg7 42. Bh6 Qe7 43. Be2 Ba4 44. Bd3 Bxc2 45. Bxc2 Rxc2 46. Rxc2 Rxc2 47. Ra1 Qb7 48. Bg5 b3 49. Bf6 g5 50. Bxg5 Nxg5 51. Qxg5+ Qg7 52. Ra8+ Kh7 53. Ra7 Qxa7 54. Qh4+ Kg8 55. Qd8+ Kh7 56. Qh4+ 1/2-1/2

[Event "Quebec-ch 1/8 final"]
[Site "Montreal CAN"]
[Date "2000.06.03"]
[Round "2"]
[White "Larochelle, Martial"]
[Black "Desjardins, Andre"]
[Result "0-1"]
[WhiteElo "2197"]
[BlackElo "2144"]
[PlyCount "74"]
[GameId "2160767911711729"]
[EventDate "2000.06.02"]
[EventType "swiss"]
[EventRounds "5"]
[EventCountry "CAN"]

1. c4 g6 2. g3 Bg7 3. Bg2 c5 4. Nc3 Nc6 5. a3 d6 6. Rb1 a5 7. Nf3 e6 8. d4 cxd4 9. Nb5 e5 10. e3 Bf5 11. Ra1 Be6 12. Qa4 dxe3 13. Bxe3 Nge7 14. Rd1 Nf5 15. Nxd6+ Nxd6 16. Bc5 Bd7 17. Rxd6 Nd4 18. Qd1 Qc7 19. Nxd4 Qxc5 20. Nb3 Qc7 21. Qd5 O-O-O 22. O-O Be6 23. Rxd8+ Rxd8 24. Qxa5 Qxa5 25. Nxa5 b6 26. Nc6 Rd2 27. b3 Rb2 28. b4 Ra2 29. Ne7+ Kb8 30. c5 bxc5 31. bxc5 Rxa3 32. Rb1+ Rb3 33. Ra1 e4 34. Rd1 Bg4 35. Rc1 Ra3 36. Bxe4 Bh6 37. Rb1+ Kc7 0-1

[Event "Quebec-ch 1/8 final"]
[Site "Montreal CAN"]
[Date "2000.06.03"]
[Round "2"]
[White "Masse, Hugues"]
[Black "Marineau, Remi"]
[Result "1/2-1/2"]
[WhiteElo "1946"]
[BlackElo "2021"]
[PlyCount "88"]
[GameId "2160767911711731"]
[EventDate "2000.06.02"]
[EventType "swiss"]
[EventRounds "5"]
[EventCountry "CAN"]

1. e4 c5 2. f4 e6 3. Nf3 d5 4. Bb5+ Bd7 5. Bxd7+ Nxd7 6. d3 dxe4 7. dxe4 Ngf6 8. Nc3 Qb6 9. O-O c4+ 10. Kh1 Bb4 11. Qe2 O-O 12. Be3 Qc7 13. Bd4 Bxc3 14. Bxc3 Qxf4 15. Ne5 Qh4 16. Nxd7 Nxd7 17. Qxc4 Nf6 18. Bxf6 gxf6 19. Qe2 Kh8 20. Rf3 Rg8 21. Raf1 Rg6 22. Rf4 Qg5 23. Qf2 Rd8 24. g3 Kg7 25. a4 Qe5 26. b3 Rd4 27. Qf3 Rd2 28. Rf2 Qd4 29. Rxd2 Qxd2 30. Qf2 Qxf2 31. Rxf2 Kf8 32. Kg2 Ke7 33. Rd2 Rg5 34. Kf3 Rc5 35. c4 a5 36. Kf4 Rc6 37. Ke3 Rd6 38. Rd4 b6 39. Kd3 Rxd4+ 40. Kxd4 Kd6 41. g4 Kc6 42. Kd3 Kd7 43. Kc3 Kd6 44. Kd4 Kc6 1/2-1/2

[Event "Quebec-ch 1/8 final"]
[Site "Montreal CAN"]
[Date "2000.06.03"]
[Round "2"]
[White "Pnevmonidis, Pantelis"]
[Black "Bolduc, Steve"]
[Result "1/2-1/2"]
[WhiteElo "2166"]
[BlackElo "2229"]
[PlyCount "81"]
[GameId "2160767911711732"]
[EventDate "2000.06.02"]
[EventType "swiss"]
[EventRounds "5"]
[EventCountry "CAN"]

1. e4 g6 2. d4 Bg7 3. Nc3 d6 4. Bc4 Nf6 5. Bb3 O-O 6. Nf3 a6 7. O-O b5 8. e5 dxe5 9. dxe5 Qxd1 10. Rxd1 Ng4 11. Nd5 e6 12. Ne7+ Kh8 13. Nxc8 Rxc8 14. Bf4 c5 15. c3 Nc6 16. Re1 h5 17. h3 Nh6 18. Bc2 Nf5 19. Be4 Ra7 20. a4 b4 21. a5 Rd7 22. Red1 Rxd1+ 23. Rxd1 Nxa5 24. Ra1 Nc4 25. cxb4 cxb4 26. Rc1 Nb6 27. Rxc8+ Nxc8 28. Bb7 Nb6 29. Bxa6 b3 30. Bb5 f6 31. g4 hxg4 32. hxg4 Nd4 33. Nxd4 fxe5 34. Nxe6 exf4 35. Nxf4 Bxb2 36. Nxg6+ Kg7 37. Nf4 Bc1 38. Ne2 b2 39. Bd3 Bd2 40. Kg2 Nc4 41. f4 1/2-1/2

[Event "Quebec-ch 1/8 final"]
[Site "Montreal CAN"]
[Date "2000.06.03"]
[Round "2"]
[White "Tessier, Olivier"]
[Black "Boudreau, Daniel"]
[Result "1/2-1/2"]
[WhiteElo "2043"]
[BlackElo "2097"]
[PlyCount "124"]
[GameId "2160767911711734"]
[EventDate "2000.06.02"]
[EventType "swiss"]
[EventRounds "5"]
[EventCountry "CAN"]

1. c4 b6 2. Nc3 Bb7 3. d4 e6 4. Nf3 Nf6 5. Bf4 Bb4 6. e3 O-O 7. Bd3 Ne4 8. O-O Bxc3 9. bxc3 f5 10. Nd2 d6 11. f3 Nxd2 12. Qxd2 g5 13. Bg3 Nd7 14. Qc2 Qe7 15. Qf2 Rf7 16. Rae1 h5 17. Qd2 Raf8 18. Re2 Qf6 19. Qe1 h4 20. Bf2 Rh7 21. e4 Rh6 22. exf5 exf5 23. Re7 Rf7 24. Re8+ Rf8 25. Qe3 Bc6 26. d5 Bb7 27. Re6 Qg7 28. Re7 Qf6 29. Rxd7 g4 30. Re7 g3 31. hxg3 hxg3 32. Bxg3 f4 33. Qe6+ Qxe6 34. Rxe6 Rxe6 35. dxe6 fxg3 36. Re1 Re8 37. e7 Kf7 38. Be4 Bxe4 39. Rxe4 Rxe7 40. Rf4+ Ke8 41. Kf1 Kd7 42. Re4 Rxe4 43. fxe4 Kc6 44. Ke2 Kc5 45. Kf3 Kxc4 46. Kxg3 Kxc3 47. Kh4 Kb2 48. g4 c5 49. g5 c4 50. g6 c3 51. g7 c2 52. g8=Q c1=Q 53. Qb3+ Ka1 54. Qa4 Qf4+ 55. Kh5 Qe5+ 56. Kg6 b5 57. Qc2 a6 58. Kf7 a5 59. a3 a4 60. Kf8 Qd4 61. Qe2 Qc5 62. Ke8 Qc8+ 1/2-1/2

[Event "Quebec-ch 1/8 final"]
[Site "Montreal CAN"]
[Date "2000.06.03"]
[Round "2"]
[White "Trottier, Yves"]
[Black "Soudre, Nicolas"]
[Result "0-1"]
[WhiteElo "1964"]
[BlackElo "2106"]
[PlyCount "68"]
[GameId "2160767911711735"]
[EventDate "2000.06.02"]
[EventType "swiss"]
[EventRounds "5"]
[EventCountry "CAN"]

1. e4 e6 2. d4 d5 3. exd5 exd5 4. c4 Nf6 5. Nc3 Bb4 6. Nf3 O-O 7. Bd3 dxc4 8. Bxc4 Bg4 9. O-O Qd7 10. Be3 Nc6 11. a3 Bd6 12. Nb5 Be7 13. Bf4 Nh5 14. Be3 Rae8 15. b4 a6 16. Nc3 Bd6 17. b5 axb5 18. Bxb5 Qf5 19. Bd3 Qa5 20. Ne4 Bf4 21. Re1 Qd5 22. Nc3 Qd6 23. h3 Bc8 24. Ng5 Qh6 25. Nxh7 Rxe3 26. Rxe3 Bxe3 27. Nxf8 Bxd4 28. Rc1 Kxf8 29. Ne2 Be5 30. Be4 Bd6 31. Rc3 Nf4 32. Rf3 Nxe2+ 33. Qxe2 Qc1+ 34. Qf1 Bh2+ 0-1

[Event "Quebec-ch 1/8 final"]
[Site "Montreal CAN"]
[Date "2000.06.03"]
[Round "2"]
[White "Wenaas, Eric"]
[Black "Moskvitch, Andrei"]
[Result "1/2-1/2"]
[WhiteElo "2265"]
[BlackElo "2161"]
[PlyCount "81"]
[GameId "2160767911711736"]
[EventDate "2000.06.02"]
[EventType "swiss"]
[EventRounds "5"]
[EventCountry "CAN"]

1. c4 c5 2. Nf3 Nf6 3. Nc3 e6 4. g3 b6 5. Bg2 Bb7 6. O-O d5 7. cxd5 Nxd5 8. Re1 Nc7 9. d4 Nd7 10. Bf4 Be7 11. Rc1 O-O 12. dxc5 Nxc5 13. Qxd8 Bxd8 14. Bd6 Re8 15. Bxc5 bxc5 16. Na4 Na6 17. Nxc5 Nxc5 18. Rxc5 Bb6 19. Rcc1 Rab8 20. b4 a5 21. b5 Bxf3 22. Bxf3 Red8 23. Red1 Kf8 24. Rxd8+ Rxd8 25. Rc6 Rb8 26. a4 Ke7 27. Kg2 Kd7 28. Be4 Bc7 29. g4 h6 30. h4 Rb6 31. Rc4 Rd6 32. g5 hxg5 33. hxg5 Bb6 34. e3 g6 35. Bc6+ Ke7 36. Kf3 Rd2 37. Be4 Rd6 38. Ke2 Rd8 39. f4 Rd7 40. Rc6 Rd6 41. Rxd6 1/2-1/2

[Event "Quebec-ch 1/8 final"]
[Site "Montreal CAN"]
[Date "2000.06.03"]
[Round "3"]
[White "Bolduc, Steve"]
[Black "Wenaas, Eric"]
[Result "1/2-1/2"]
[WhiteElo "2229"]
[BlackElo "2265"]
[PlyCount "112"]
[GameId "2160767911711737"]
[EventDate "2000.06.02"]
[EventType "swiss"]
[EventRounds "5"]
[EventCountry "CAN"]

1. g3 Nf6 2. Bg2 g6 3. Nf3 Bg7 4. O-O O-O 5. d3 d5 6. c3 c5 7. Nbd2 Nc6 8. e4 dxe4 9. dxe4 e5 10. Qe2 Qc7 11. a4 h6 12. Ne1 b6 13. Nc2 Be6 14. Ne3 Rad8 15. Ndc4 Rfe8 16. Bd2 Qd7 17. Rfd1 Qd3 18. Qxd3 Rxd3 19. Be1 Red8 20. Rxd3 Rxd3 21. Bf1 Rd8 22. f3 Kf8 23. Rd1 Rxd1 24. Nxd1 Ke7 25. Bf2 h5 26. Be3 Ne8 27. Bd2 Kd7 28. Nde3 Nd6 29. Nxd6 Kxd6 30. Nc4+ Kc7 31. Kf2 Ne7 32. Be3 Nc8 33. b4 cxb4 34. cxb4 Nd6 35. Nxd6 Kxd6 36. a5 Kc7 37. a6 Bf8 38. Bd2 Be7 39. Bb5 h4 40. Bc3 hxg3+ 41. hxg3 f6 42. f4 Bd6 43. Bd2 Be7 44. fxe5 fxe5 45. Kf3 g5 46. Be8 g4+ 47. Kf2 Bc4 48. Bh5 Be6 49. Bc3 Bd6 50. Ke3 Bc8 51. Kd2 Kc6 52. Be8+ Kc7 53. b5 Bd7 54. Bxd7 Kxd7 55. Kd3 Ke6 56. Bd2 Bb8 1/2-1/2

[Event "Quebec-ch 1/8 final"]
[Site "Montreal CAN"]
[Date "2000.06.03"]
[Round "3"]
[White "Boudreau, Daniel"]
[Black "Fillion, Steve"]
[Result "1/2-1/2"]
[WhiteElo "2097"]
[BlackElo "2144"]
[PlyCount "110"]
[GameId "2160767911711738"]
[EventDate "2000.06.02"]
[EventType "swiss"]
[EventRounds "5"]
[EventCountry "CAN"]

1. e4 e6 2. d4 d5 3. e5 c5 4. c3 Qb6 5. Nf3 Bd7 6. Bd3 Bb5 7. O-O Bxd3 8. Qxd3 Qa6 9. Qc2 Nd7 10. dxc5 Bxc5 11. b4 Bb6 12. a4 Qc4 13. Na3 Qe4 14. Qb3 Ne7 15. Re1 Qg4 16. h3 Qh5 17. Nb5 O-O 18. a5 Bd8 19. c4 dxc4 20. Qxc4 Nd5 21. Nd6 Be7 22. Bb2 b6 23. Qb5 Bxd6 24. exd6 N5f6 25. Qa6 Qd5 26. Red1 Qe4 27. Rd4 Qc2 28. Rd2 Qc8 29. Qb5 Qb7 30. a6 Qe4 31. Re1 Qg6 32. Ne5 Qg5 33. Rd3 Rfd8 34. Qa4 Qf5 35. Rde3 Nxe5 36. Rxe5 Qd3 37. Rg5 Kh8 38. Qa1 h6 39. Rxg7 Kxg7 40. Bxf6+ Kh7 41. Bxd8 Rxd8 42. Qf6 Rd7 43. Re3 Qg6 44. Qd4 Qf5 45. Rc3 e5 46. Qd1 Qe6 47. Qc2+ e4 48. Rc4 f5 49. f3 exf3 50. Rc7 Qe1+ 51. Kh2 Qe5+ 52. Kg1 Qe1+ 53. Kh2 Qe5+ 54. Kg1 Qe1+ 55. Kh2 Qe5+ 1/2-1/2

[Event "Quebec-ch 1/8 final"]
[Site "Montreal CAN"]
[Date "2000.06.03"]
[Round "3"]
[White "Cloutier, Mario"]
[Black "Tessier, Olivier"]
[Result "0-1"]
[WhiteElo "1960"]
[BlackElo "2043"]
[PlyCount "92"]
[GameId "2160767911711740"]
[EventDate "2000.06.02"]
[EventType "swiss"]
[EventRounds "5"]
[EventCountry "CAN"]

1. d4 Nf6 2. c4 c5 3. d5 b5 4. cxb5 a6 5. b6 e6 6. dxe6 fxe6 7. Nf3 d5 8. g3 Bd6 9. Bg2 O-O 10. O-O Nbd7 11. Nbd2 Nxb6 12. Re1 e5 13. e4 d4 14. Qb3+ Kh8 15. Ng5 Ra7 16. Ne6 c4 17. Nxc4 Bxe6 18. Qxb6 Bxc4 19. Qxa7 Rf7 20. Qxf7 Bxf7 21. Bd2 h6 22. b4 Bc4 23. Rec1 Bd3 24. f3 Bb5 25. a4 Bd7 26. Bf1 Qb6 27. Rcb1 Ne8 28. Bd3 Nc7 29. Rb2 Kh7 30. Kg2 Be7 31. b5 a5 32. Rc2 Ne6 33. Bc4 Nc5 34. Bd5 Bd8 35. Kg1 Qd6 36. Rb2 Bb6 37. Bc4 Bh3 38. Bd5 Qf6 39. f4 exf4 40. Bxf4 Nd3 41. e5 Nxe5 42. Re2 Ng6 43. Be4 Bf5 44. Bg2 Nxf4 45. gxf4 d3+ 46. Rf2 d2 0-1

[Event "Quebec-ch 1/8 final"]
[Site "Montreal CAN"]
[Date "2000.06.03"]
[Round "3"]
[White "Gagnon, Boris"]
[Black "Masse, Hugues"]
[Result "1/2-1/2"]
[WhiteElo "2135"]
[BlackElo "1946"]
[PlyCount "82"]
[GameId "2160767911711741"]
[EventDate "2000.06.02"]
[EventType "swiss"]
[EventRounds "5"]
[EventCountry "CAN"]

1. d4 f5 2. c4 Nf6 3. Nc3 g6 4. Nf3 Bg7 5. g3 O-O 6. Bg2 d6 7. O-O Qe8 8. d5 Na6 9. Qc2 Nb4 10. Qb3 c5 11. dxc6 Nxc6 12. Nd5 Nxd5 13. cxd5 Ne5 14. Bd2 b6 15. Rac1 Ba6 16. Ng5 Bxe2 17. Ne6 Bxf1 18. Bxf1 Rc8 19. Bc3 Bf6 20. Bb5 Qf7 21. Kg2 g5 22. f3 Qh5 23. Rf1 Rf7 24. Ba6 Ra8 25. Bxe5 Bxe5 26. Qc2 Kh8 27. b4 Rf6 28. Rh1 Rg8 29. Bd3 f4 30. g4 Qh4 31. Be4 Rh6 32. Qc4 Qh3+ 33. Kf2 Qh4+ 34. Ke2 Qh3 35. Kf2 Rf6 36. b5 Qh4+ 37. Ke2 Qh3 38. Kf2 h5 39. Bf5 Rxf5 40. gxf5 g4 41. Qe4 g3+ 1/2-1/2

[Event "Quebec-ch 1/8 final"]
[Site "Montreal CAN"]
[Date "2000.06.03"]
[Round "3"]
[White "Lecomte, Andre"]
[Black "Leriche, Felix"]
[Result "1/2-1/2"]
[WhiteElo "1918"]
[BlackElo "2217"]
[PlyCount "38"]
[GameId "2160767911711743"]
[EventDate "2000.06.02"]
[EventType "swiss"]
[EventRounds "5"]
[EventCountry "CAN"]

1. e4 e6 2. d4 d5 3. Nc3 Bb4 4. e5 c5 5. a3 Bxc3+ 6. bxc3 Ne7 7. Nf3 b6 8. Bb5+ Bd7 9. Bd3 Ba4 10. O-O c4 11. Be2 h6 12. Ne1 Nbc6 13. f4 Kd7 14. Bg4 g6 15. g3 Qg8 16. Nf3 Qh7 17. Rf2 Rag8 18. Qe2 Nf5 19. Bxf5 gxf5 1/2-1/2

[Event "Quebec-ch 1/8 final"]
[Site "Montreal CAN"]
[Date "2000.06.03"]
[Round "3"]
[White "Marcone, Malcom"]
[Black "Trottier, Yves"]
[Result "1-0"]
[WhiteElo "2008"]
[BlackElo "1964"]
[PlyCount "39"]
[GameId "2160767911711744"]
[EventDate "2000.06.02"]
[EventType "swiss"]
[EventRounds "5"]
[EventCountry "CAN"]

1. Nf3 d5 2. g3 Nf6 3. Bg2 e6 4. O-O c5 5. c4 Nc6 6. Re1 Be7 7. a3 O-O 8. Qc2 Re8 9. d3 d4 10. Nbd2 e5 11. Rb1 h6 12. h3 Bf5 13. Nf1 e4 14. Nh4 exd3 15. exd3 Bh7 16. Nf3 Qc7 17. Bd2 Bd6 18. b4 Rxe1 19. Nxe1 b6 20. b5 1-0

[Event "Quebec-ch 1/8 final"]
[Site "Montreal CAN"]
[Date "2000.06.03"]
[Round "3"]
[White "Marineau, Remi"]
[Black "Trottier, Julie"]
[Result "0-1"]
[WhiteElo "2021"]
[BlackElo "1835"]
[PlyCount "52"]
[GameId "2160767911711745"]
[EventDate "2000.06.02"]
[EventType "swiss"]
[EventRounds "5"]
[EventCountry "CAN"]

1. e4 c5 2. d4 cxd4 3. Nf3 e6 4. Nxd4 Nf6 5. Nc3 Bb4 6. e5 Nd5 7. Bd2 Bxc3 8. bxc3 Qc7 9. f4 a6 10. c4 Nb6 11. Qg4 O-O 12. Bb4 Nxc4 13. Bd3 f5 14. Qh4 Re8 15. Rf1 Ne3 16. Rf2 Nc6 17. Nxc6 Qxc6 18. Qh3 Nd5 19. Bd2 b5 20. g4 Ne7 21. gxf5 Nxf5 22. Bxf5 exf5 23. O-O-O Bb7 24. Qxf5 Qc5 25. Rff1 Qa3+ 26. Kb1 Bd5 0-1